| 000 | 00661nam a2200193Ia 4500 | ||
|---|---|---|---|
| 005 | 20250508154132.0 | ||
| 008 | 008 250505s9999 xx 000 0 eng d | ||
| 037 | _aDissertations | ||
| 040 |
_aFEDL _beng _cFEDL |
||
| 041 |
_aeng _2eng |
||
| 084 |
_a370.15, PAR/DI _qFEDL |
||
| 100 |
_aPareek S S _9765124 |
||
| 245 | 0 | _aInvestigation into the creative thinking of the students at different age levels and the relationship between the creative thinking and other related factors | |
| 260 | _c1966 | ||
| 300 | _aiii,122p. | ||
| 546 | _aM. Ed. Dissertation (Delhi University) | ||
| 942 |
_cDIS _h370.15, PAR/DI |
||
| 999 |
_c1347913 _d1347913 |
||